Il piccolo obiettore : guida pratica al servizio civile /

Gespeichert in:
Bibliographische Detailangaben
Hauptverfasser: Di Blasi, Claudio (Verfasst von), Paolicelli, Massimo (Verfasst von)
Format: Buch
Sprache:Italienisch
Veröffentlicht: \Viterbo! : Stampa alternativa, 1995
Ausgabe:2. ed
Schriftenreihe:Millelire
Schlagworte:
Tags: Tag hinzufügen
Keine Tags, Fügen Sie das erste Tag hinzu!

MARC

LEADER 00000nam a22000007i 4500
001 IT\ICCU\BVE\0075952
003 ItRI
005 20260115231920.0
008 950905s1995 it |||||| ||||| |||||c
020 |a 8872260981 
040 |b ita  |c importazione bologna sebina 
041 7 |a ita  |2 ISO-639-2 
082 |a 343.450126  |9 Diritto in materia militare e di difesa. Obiettori di coscienza. Italia.  |2 20 
100 1 |a Di Blasi, Claudio  |0 IT\ICCU\VIAV\092447  |4 aut 
240 1 3 |a Il piccolo obiettore : guida pratica al servizio civile  |3 IT\ICCU\TSA\1848633  |9 Di Blasi, Claudio 
245 1 3 |a Il piccolo obiettore :  |b guida pratica al servizio civile /  |c a cura di Claudio Di Blasi, Massimo Paolicelli. 
250 |a 2. ed 
260 |a \Viterbo! :  |b Stampa alternativa,  |c 1995 
300 |a 62 p. ;  |c 14 cm. 
650 7 |a Servizio sostitutivo civile  |2 scbi 
700 1 |a Paolicelli, Massimo  |0 IT\ICCU\VIAV\095059  |4 aut 
830 0 |a Millelire  |0 IT\ICCU\RAV\0186200 
942 |2 ddc  |c BK  |n 0 
952 |0 0  |1 0  |4 0  |6 DOC_355_224000000000000_DIB  |7 0  |9 16406  |a BO  |b BO  |d 2026-01-15  |i 11565  |l 0  |o DOC 355.224 DIB  |p BO11565  |r 2026-01-15 23:19:20  |w 2026-01-15  |x [Sebina 5] [1 v.]  |y BK  |z 1 v. 
999 |c 14072  |d 14072